000 00709nam a2200217Ia 4500
005 20241014095621.0
008 210716s2000 xx 000 0 und d
020 _a9780521613903
040 _cAIMIT LIBRARY
041 _aeng
082 _a005.73
_21
_bMOTR
100 _aMotwani, Rajeev.
_944267
245 _aRandomized algorithms /
_cBy Rajeev Motwani and Prabhakar Raghavan.
250 _a1st ed.
260 _aNew Delhi :
_bCambridge University Press ,
_c2000 .
300 _axiv, 476p. ;
_c23 cm.
650 _aGeometric algorithms and linear programming
_944268
650 _aMarkov chains and random walks
_944269
700 _aRaghavan, Prabhakar.
_944270
942 _2ddc
_cBK
_e1st
_k005.73 MOTR
999 _c184447
_d184447